|
|
|
|
| LEADER |
01403nam a22003377a 4500 |
| 001 |
33272 |
| 003 |
BD-DhAAL |
| 005 |
20250625120357.0 |
| 008 |
180708t1998 nyua|||| |||| 001 0 eng d |
| 020 |
|
|
|a 0471295531
|
| 020 |
|
|
|a 9780471295532
|
| 040 |
|
|
|a BD-DhAAL
|d BD-DhAAL
|
| 082 |
|
|
|a 721.0222
|2 20
|
| 245 |
|
|
|a Ramsey/Sleeper architectural graphic standards :
|b 1998 cumulative supplement /
|c editor in chief John Ray Hoke, John Ray Hoke, FAIA.
|
| 246 |
|
|
|a Architectural graphic standards
|
| 250 |
|
|
|a Ninth edition.
|
| 260 |
|
|
|a New York :
|b Jhon Wiley & Sons,
|c c1998.
|
| 300 |
|
|
|a 434 pages :
|b illustrations ;
|c 29 cm.
|
| 500 |
|
|
|a The American Institute of Architects
Includes index.
|
| 526 |
|
|
|a ARC
|
| 541 |
|
|
|a Department of Architecture
|e 33272
|
| 650 |
|
|
|a Building
|x Details
|v Drawings.
|9 26747
|
| 650 |
|
|
|a Building
|x Details
|x Drawings
|x Standards.
|9 26748
|
| 650 |
|
|
|a Architecture.
|
| 700 |
|
|
|a Sleeper, Harold Reeve
|d 1893-1960
|9 26749
|
| 700 |
|
|
|a Hoke, John Ray
|d 1950-
|9 26750
|
| 710 |
|
|
|a American Institute of Architects
|9 26751
|
| 852 |
|
|
|a Department of Architecture
|b General Stacks
|
| 942 |
|
|
|2 ddc
|c BK
|
| 999 |
|
|
|c 39612
|d 39612
|
| 952 |
|
|
|0 0
|1 0
|2 ddc
|4 0
|6 721_022200000000000_RAM
|7 0
|9 63631
|a BRACUL
|b BRACUL
|c GEN
|d 2018-07-08
|e Department of Architecture
|l 1
|m 8
|o 721.0222 RAM
|p 3010033272
|r 2026-05-21
|s 2025-07-28
|t 1
|w 2018-07-08
|y BK
|x Transferred from ARC to BRACUL on 28/12/2023
|